| 000 | 02187nam a2200337Ia 4500 | ||
|---|---|---|---|
| 999 |
_c53025 _d53025 |
||
| 001 | 20058 | ||
| 003 | GE_BSU | ||
| 005 | 20250415174546.0 | ||
| 008 | 181216s||||||||xx |||||||||||||| ||und|| | ||
| 020 | _a978994021123 | ||
| 040 | _cGE_BSU | ||
| 041 | _ageo | ||
| 080 | _a597.2/.5 მ-25 | ||
| 100 |
_aგოგმაჩაძე, თემურ _9118 |
||
| 245 |
_aაჭარის იშვიათი და გადაშენების გზაზე მდგარი ცხოველები / _cთემურ გოგმაჩაძე, რევაზ ზოსიძე, რევაზ ჟორდანია ; მთ. რედ. შაქრო ფალავანდიშვილი, ანზორ დიასამიძე, მურმან დავითაძე, აკაკი კომახიძე. |
||
| 264 |
_aბათუმი : _bშოთა რუსთაველის სახ. უნ-ტი, _c2009. |
||
| 300 |
_a228 გვ. ; _c21 სმ. |
||
| 500 | _aწიგნის დანართი წითელი ნუსხა გვ. 209-222 | ||
| 504 | _aბიბლიოგრ. : გვ.223-226 | ||
| 546 | _aპარალ. სათ. რუს. და ინგლ. ენ. | ||
| 653 | _aაჭარის იშვიათი და გადაშენების გზაზე მდგარი ცხოველები | ||
| 653 | _aზოოლოგია | ||
| 700 |
_aზოსიძე, რევაზ _eავტორი _911998 |
||
| 700 |
_aჟორდანია, რევაზ _eავტორი _92717 |
||
| 700 |
_aფალავანდიშვილი, შაქრო _eმთ. რედაქტორი _924646 |
||
| 700 |
_aდიასამიძე, ანზორ _eრედაქტორი _91109 |
||
| 700 |
_aდავითაძე, მურმან _eრედაქტორი _924818 |
||
| 700 |
_aკომახიძე, აკაკი _eრედაქტორი _924819 |
||
| 710 |
_aშოთა რუსთაველის სახელმწიფო უნივერსიტეტი _924820 |
||
| 942 |
_cBK _2udc |
||